| 000 | 01415nam a2200241Ia 4500 | ||
|---|---|---|---|
| 999 |
_c41507 _d41507 |
||
| 001 | 8174 | ||
| 003 | GE_BSU | ||
| 005 | 20221004153847.0 | ||
| 008 | 181216s1951ge xx |||||||||||||| ||geo|| | ||
| 040 | _cGE_BSU | ||
| 041 | _ageo | ||
| 080 | _a821.353.1-82 დ-15 | ||
| 100 |
_aდავითაშვილი, იოსებ. _915028 |
||
| 245 |
_aსრული კრებული : _bლექსები:მოთხრობები / _cიოსებ დავითაშვილი, სოლომონ ყუბანეიშვილის რედაქციით წინასიტყვაობით და შენიშვნებით;რედ:რაჟდენ გვეტაძე. |
||
| 264 |
_aთბილისი : _bსაბჭ.მწერლ.გამ-ბა. _c1951. |
||
| 300 |
_a416 გვ; _c21 სმ. _e8ფურც.პორტრ.და ილ. |
||
| 501 | _aდანართი:ვარიანტები და შენიშვნ.გვ:275-412. | ||
| 653 | _aლექსები | ||
| 653 | _aმოთხრობები. | ||
| 700 |
_aყუბანეიშვილი, სოლომონ _eრედაქციით წინასიტყვაობით და შენიშვნებით _915029 |
||
| 700 |
_aგვეტაძე, რაჟდენ _eრედაქტორი _95973 |
||
| 942 |
_cBK _2udc |
||